[Event "Tournoi Skype 023A"]
[Site "Skype"]
[Date "????.??.??"]
[Round "6.29"]
[White "Vello, Pablo"]
[Black "Mitrani, Alberto"]
[Result "1/2-1/2"]
[WhiteElo "1517"]
[BlackElo "1567"]
[PlyCount "37"]

1. d4 Nf6 2. Bf4 d5 3. Nf3 Bf5 4. e3 e6 5. h3 Bd6 6. Ne5 O-O 7. Nd2 Nbd7 8.
Ndf3 c5 9. Nxf7 Qc7 10. Bxd6 Qc8 11. N7e5 Rd8 12. Nxd7 Nxd7 13. Bxc5 Nxc5 14.
dxc5 Qxc5 15. Nd4 Rac8 16. Rc1 Qa5+ 17. c3 Qxa2 18. Nxe6 Bxe6 19. Qc2 1/2-1/2

[Event "Tournoi Skype 023A"]
[Site "Skype"]
[Date "????.??.??"]
[Round "6.30"]
[White "Megelas, Florent"]
[Black "Bhandari, Dattatrey"]
[Result "1-0"]
[WhiteElo "1643"]
[BlackElo "1381"]
[PlyCount "59"]

1. e4 e5 2. Nf3 Nf6 3. Nc3 Nc6 4. Bc4 Bc5 5. h3 O-O 6. O-O h6 7. d3 a6 8. Be3
d6 9. a3 Bxe3 10. fxe3 Ne7 11. Qe2 c6 12. Kh1 Nh5 13. Qf2 Nf6 14. Rad1 c5 15.
Nxe5 dxe5 16. Qg3 Ne8 17. Qxe5 Nf6 18. Qg3 Ng6 19. Qxg6 Kh8 20. Qg3 Qe7 21. Nd5
Nxd5 22. Bxd5 Be6 23. Rf3 Rad8 24. Bxe6 Qxe6 25. Qc7 b6 26. Rdf1 Rd7 27. Qg3
Kg8 28. Rf6 Qe7 29. Rxb6 g5 30. Rff6 1-0

[Event "Tournoi Skype 023A"]
[Site "Skype"]
[Date "????.??.??"]
[Round "6.32"]
[White "Gharbi, Said"]
[Black "Martin, Jean-Claude"]
[Result "1-0"]
[WhiteElo "1541"]
[BlackElo "1523"]
[PlyCount "39"]

1. e4 e5 2. Nf3 Nf6 3. Bc4 Nxe4 4. Nxe5 d5 5. Nxf7 Kxf7 6. Qh5+ g6 7. Qxd5+
Qxd5 8. Bxd5+ Be6 9. Bxb7 Bc5 10. O-O Bc4 11. d3 Bxf2+ 12. Rxf2+ Nxf2 13. Bxa8
Nd7 14. Bc6 Be6 15. Kxf2 Kg7 16. Bf4 Rf8 17. g3 h6 18. Kg2 Rc8 19. Nc3 Nf8 20.
Nb5 1-0

[Event "Tournoi Skype 023A"]
[Site "Skype"]
[Date "????.??.??"]
[Round "6.33"]
[White "Carballo, Jorge"]
[Black "Le Brun, Yves"]
[Result "0-1"]
[WhiteElo "1508"]
[BlackElo "1488"]
[PlyCount "64"]

1. d4 d5 2. Nf3 Nf6 3. Bf4 Nc6 4. e3 h6 5. Bd3 Nb4 6. Bb5+ c6 7. Be2 a5 8. c3
Na6 9. Bd3 e6 10. Nbd2 Bd6 11. Ne5 Nd7 12. Nxf7 Kxf7 13. Bxd6 Nf6 14. Qf3 Qxd6
15. e4 e5 16. exd5 cxd5 17. O-O Re8 18. Rfe1 exd4 19. Rxe8 Kxe8 20. Re1+ Kf7
21. c4 Bg4 22. Qg3 Qxg3 23. hxg3 Nb4 24. Bb1 d3 25. a3 Nc2 26. Rc1 Bf5 27. cxd5
Nxd5 28. Ba2 Be6 29. Bc4 Rc8 30. Bxd3 Nd4 31. Nc4 Kf6 32. f3 b5 0-1

[Event "Tournoi Skype 023A"]
[Site "Skype"]
[Date "????.??.??"]
[Round "7.1"]
[White "Silva, Rodrigo De Souza"]
[Black "Siret, Bernard"]
[Result "1/2-1/2"]
[WhiteElo "1897"]
[BlackElo "2045"]
[PlyCount "81"]

1. e4 e5 2. Nf3 Nc6 3. Bc4 Nf6 4. d4 exd4 5. O-O Nxe4 6. Re1 d5 7. Bxd5 Qxd5 8.
Nc3 Qd8 9. Rxe4+ Be7 10. Nxd4 f5 11. Rf4 O-O 12. Be3 g5 13. Nxc6 bxc6 14. Rd4
Qe8 15. f3 Bf6 16. Rd3 Ba6 17. Bc5 Bxd3 18. Bxf8 Qe3+ 19. Kh1 Ba6 20. Bb4 Rd8
21. Qg1 Qb6 22. Qxb6 cxb6 23. Rd1 Rxd1+ 24. Nxd1 Kf7 25. Bc3 Be7 26. Ne3 Ke6
27. g4 fxg4 28. fxg4 Bc5 29. Nf5 Be2 30. Nd4+ Bxd4 31. Bxd4 Bxg4 32. Kg2 Kf5
33. Kg3 c5 34. Be3 Bd1 35. c3 h5 36. b4 c4 37. Bd4 h4+ 38. Kf2 g4 39. Ke1 g3
40. hxg3 h3 41. Kf2 1/2-1/2

[Event "Tournoi Skype 023A"]
[Site "Skype"]
[Date "????.??.??"]
[Round "7.2"]
[White "Lopez, Jose Luis"]
[Black "Benson, Paul"]
[Result "1/2-1/2"]
[WhiteElo "1865"]
[BlackElo "2021"]
[PlyCount "59"]

1. d4 f5 2. g3 Nf6 3. Bg2 g6 4. h4 Bg7 5. h5 Nxh5 6. e4 fxe4 7. Rxh5 gxh5 8.
Qxh5+ Kf8 9. Nc3 Qe8 10. Qf5+ Qf7 11. Qxe4 Qe6 12. Qxe6 dxe6 13. Nf3 Nc6 14.
Be3 e5 15. dxe5 Nxe5 16. O-O-O Bg4 17. Nxe5 Bxe5 18. Re1 h5 19. Bxb7 Rb8 20.
Bc6 a5 21. Ba7 Bxc3 22. bxc3 Rd8 23. Bc5 Rh7 24. Re5 Rd1+ 25. Kb2 Rf7 26. Bd5
Rf5 27. Bxe7+ Ke8 28. Bc6+ Kf7 29. Rxf5+ Bxf5 30. Bg5 1/2-1/2

[Event "Tournoi Skype 023A"]
[Site "Skype"]
[Date "????.??.??"]
[Round "7.3"]
[White "Murgia, Stefano"]
[Black "Ibarra Cantu, Raul Alberto"]
[Result "0-1"]
[WhiteElo "1728"]
[BlackElo "1892"]
[PlyCount "102"]

1. e4 c5 2. Nf3 d6 3. d4 cxd4 4. Nxd4 Nf6 5. Nc3 Nc6 6. Bg5 e6 7. Qd2 Be7 8. f4
O-O 9. O-O-O Nxd4 10. Qxd4 Qa5 11. Kb1 Rd8 12. Qd2 Qc5 13. Bxf6 Bxf6 14. e5 Be7
15. Ne4 Qb6 16. exd6 Bf8 17. g4 Bd7 18. Bd3 Bc6 19. f5 Bxe4 20. Bxe4 Rxd6 21.
Qg2 Rad8 22. Rxd6 Qxd6 23. c3 exf5 24. Bxf5 b5 25. Bc2 Qe5 26. Rf1 f6 27. Rd1
Rxd1+ 28. Bxd1 g6 29. Bb3+ Kg7 30. h4 Qe1+ 31. Kc2 Qxh4 32. Bd5 a5 33. a3 Bc5
34. Kb3 Qf2 35. Qxf2 Bxf2 36. a4 bxa4+ 37. Kxa4 Bb6 38. Kb5 Bd8 39. Kc5 f5 40.
gxf5 g5 41. Kd4 Kf6 42. Be4 h5 43. c4 g4 44. Ke3 Ke5 45. f6 Bxf6 46. Bg6 h4 47.
Bh5 Bg5+ 48. Kf2 Kf4 49. c5 h3 50. c6 Bd8 51. Be8 Bb6+ 0-1

[Event "Tournoi Skype 023A"]
[Site "Skype"]
[Date "????.??.??"]
[Round "7.4"]
[White "Ortega, Elvis"]
[Black "Segura Lozano, Marcos Antonio"]
[Result "1-0"]
[WhiteElo "1712"]
[BlackElo "1804"]
[PlyCount "91"]

1. e4 c5 2. Nf3 e6 3. d3 Nc6 4. g3 Nf6 5. Bg2 Be7 6. O-O O-O 7. Re1 e5 8. a4 h6
9. Na3 a6 10. Nc4 d6 11. h3 Be6 12. Kh2 Qc7 13. Nh4 b5 14. Ne3 Rfe8 15. Nd5 Qb7
16. c3 Bd8 17. Qf3 Nb8 18. Nf5 bxa4 19. Nxd6 Qd7 20. Nxf6+ Bxf6 21. Nxe8 Qxe8
22. Bxh6 Kh7 23. Be3 Qc6 24. Qh5+ Kg8 25. f4 Nd7 26. fxe5 Bxe5 27. d4 g6 28.
Qf3 Bc7 29. d5 Ne5 30. Qe2 Qd6 31. dxe6 fxe6 32. Red1 Nd3 33. Qg4 Kg7 34. Bf4
e5 35. Be3 c4 36. Rxa4 Qc6 37. Raa1 a5 38. Bf1 Rd8 39. Bxd3 cxd3 40. Rd2 a4 41.
Rf1 Rf8 42. Rxf8 Kxf8 43. Rxd3 Qb5 44. Bh6+ Ke7 45. Qg5+ Ke6 46. Qxg6+ 1-0

[Event "Tournoi Skype 023A"]
[Site "Skype"]
[Date "????.??.??"]
[Round "7.5"]
[White "Rico Hernandez, Edgar"]
[Black "Saponara, Jose Maria"]
[Result "1-0"]
[WhiteElo "1981"]
[BlackElo "1779"]
[PlyCount "55"]

1. d4 Nf6 2. c4 e6 3. Nc3 d5 4. Bg5 c6 5. e3 Be7 6. Nf3 Nbd7 7. Rc1 h6 8. Bh4
Qb6 9. Qc2 a5 10. Bd3 Qd8 11. O-O dxc4 12. Bxc4 Nd5 13. Bxe7 Nxe7 14. Ne4 Qc7
15. Bd3 f5 16. Nc5 Nxc5 17. Qxc5 O-O 18. Ne5 b6 19. Qc2 Bb7 20. Qb3 Rf6 21. e4
g6 22. Qc3 Rc8 23. Rfd1 c5 24. dxc5 fxe4 25. Bf1 bxc5 26. Rd7 Qb6 27. Rxe7 c4
28. Ng4 1-0

[Event "Tournoi Skype 023A"]
[Site "Skype"]
[Date "????.??.??"]
[Round "7.6"]
[White "Diaz, Jose Garcia"]
[Black "Altinok, Selim"]
[Result "1/2-1/2"]
[WhiteElo "1749"]
[BlackElo "1834"]
[PlyCount "43"]

1. e4 g6 2. d4 d6 3. Nf3 Bg7 4. Be2 Nc6 5. c3 Nf6 6. Nbd2 O-O 7. O-O e5 8. d5
Ne7 9. Re1 Nh5 10. Nf1 h6 11. h3 Nf4 12. Bc4 Bd7 13. N3h2 Qc8 14. Qf3 g5 15.
Ng3 Neg6 16. Bf1 Nh4 17. Qd1 f5 18. exf5 Nxf5 19. Nh5 Nxh5 20. Qxh5 Be8 21. Qd1
Qd7 22. Bd3 1/2-1/2

[Event "Tournoi Skype 023A"]
[Site "Skype"]
[Date "????.??.??"]
[Round "7.7"]
[White "Ricieri, Vinicius"]
[Black "Grosso, Raul"]
[Result "1-0"]
[WhiteElo "1831"]
[BlackElo "1700"]
[PlyCount "29"]

1. d4 Nf6 2. c4 e5 3. dxe5 Ng4 4. Nf3 Nc6 5. g3 Bc5 6. e3 Ngxe5 7. Nxe5 Nxe5 8.
Bg2 d6 9. Qc2 Qf6 10. Nd2 Bb4 11. O-O Bxd2 12. Bxd2 Nf3+ 13. Kh1 Bg4 14. Qe4+
Ne5 15. f4 1-0

[Event "Tournoi Skype 023A"]
[Site "Skype"]
[Date "????.??.??"]
[Round "7.9"]
[White "Dal, Ibrahim"]
[Black "Martinez, Jose Abel"]
[Result "0-1"]
[WhiteElo "1809"]
[BlackElo "1664"]
[PlyCount "52"]

1. d4 e6 2. c4 f5 3. g4 Nf6 4. Bg5 Bb4+ 5. Nd2 fxg4 6. h3 Nc6 7. e3 h6 8. hxg4
Rf8 9. Bxf6 Qxf6 10. Rh2 Nxd4 11. exd4 Qxd4 12. Qc2 Qe5+ 13. Be2 Qxh2 14. O-O-O
Bxd2+ 15. Kxd2 Qf4+ 16. Kc3 Qe5+ 17. Kb3 Rxf2 18. g5 Qg3+ 19. Qd3 Qxd3+ 20.
Rxd3 hxg5 21. Bh5+ Ke7 22. Rg3 Rb8 23. Rxg5 Rf5 24. Rxg7+ Kf8 25. Rh7 Kg8 26.
Rh6 Kg7 0-1

[Event "Tournoi Skype 023A"]
[Site "Skype"]
[Date "????.??.??"]
[Round "7.10"]
[White "Hilton, Stephen"]
[Black "Rugman, Dan"]
[Result "1-0"]
[WhiteElo "1880"]
[BlackElo "1664"]
[PlyCount "81"]

1. Nf3 c5 2. c4 g6 3. g3 Bg7 4. Bg2 e5 5. d3 Nc6 6. O-O Nge7 7. Nc3 O-O 8. Rb1
d6 9. a3 a5 10. b3 Bg4 11. h3 Be6 12. Bb2 f5 13. Ng5 Bd7 14. Nd5 Kh8 15. f4 h6
16. Nf3 exf4 17. Bxg7+ Kxg7 18. gxf4 Be6 19. e4 Nb8 20. Qd2 Nd7 21. Qc3+ Kh7
22. Nxe7 Qxe7 23. Rbe1 Nf6 24. e5 dxe5 25. Qxe5 Rae8 26. Qc3 Nh5 27. Nd2 Ng3
28. Rf3 Nh5 29. Qxa5 Qd6 30. Qc3 Nxf4 31. Bf1 Bd7 32. Rfe3 Rxe3 33. Rxe3 Re8
34. Rxe8 Bxe8 35. Nf3 Nxh3+ 36. Bxh3 Qg3+ 37. Bg2 Bc6 38. Qe1 Qf4 39. Qe7+ Kg8
40. Qe5 Qc1+ 41. Kh2 1-0

[Event "Tournoi Skype 023A"]
[Site "Skype"]
[Date "????.??.??"]
[Round "7.11"]
[White "Thoune, Jim"]
[Black "Deville, Olivier"]
[Result "0-1"]
[WhiteElo "1674"]
[BlackElo "1965"]
[PlyCount "112"]

1. d4 Nf6 2. c4 e6 3. Nc3 Bb4 4. e3 O-O 5. Bd2 b6 6. Nf3 Bb7 7. Be2 d6 8. O-O
Nbd7 9. Qb3 Bxc3 10. Bxc3 Ne4 11. Rad1 Ng5 12. Nxg5 Qxg5 13. g3 Nf6 14. f4 Qh6
15. Bf3 Bxf3 16. Rxf3 Ng4 17. Qc2 Qh5 18. Rdf1 f5 19. Qg2 Nf6 20. h3 Ne4 21. g4
Qf7 22. Be1 c5 23. dxc5 dxc5 24. Kh2 Rad8 25. Rg1 Rd3 26. gxf5 exf5 27. h4 Rfd8
28. Kh3 R8d7 29. b3 a5 30. Qe2 a4 31. Rg2 axb3 32. axb3 Rxb3 33. Qa2 Rbd3 34.
Qb2 Qf6 35. Qxf6 Nxf6 36. Rg5 g6 37. Rg2 Ng4 38. h5 Rxe3 39. Rxe3 Nxe3 40. Rg3
Ng4 41. hxg6 hxg6 42. Kg2 Re7 43. Bc3 Re3 44. Rf3 Rxf3 45. Kxf3 Kf7 46. Be1 Nf6
47. Bh4 Ne4 48. Ke3 Ke8 49. Kd3 Kd7 50. Be1 Kc6 51. Bh4 b5 52. cxb5+ Kxb5 53.
Be7 Kb4 54. Kc2 Kc4 55. Bf8 Kd4 56. Be7 Ke3 0-1

[Event "Tournoi Skype 023A"]
[Site "Skype"]
[Date "????.??.??"]
[Round "7.12"]
[White "Lambert, Pierre"]
[Black "Alvarez, Juan Evangelista"]
[Result "1-0"]
[WhiteElo "1868"]
[BlackElo "1568"]
[PlyCount "51"]

1. e4 Nf6 2. e5 Nd5 3. c4 Nb6 4. d4 e6 5. Nf3 d6 6. exd6 cxd6 7. Nc3 Be7 8. Be2
O-O 9. O-O Bd7 10. Be3 f5 11. Re1 f4 12. Bd2 Nc6 13. Rc1 Na5 14. b3 a6 15. Bd3
Rc8 16. Qc2 g6 17. Re4 d5 18. Rxf4 dxc4 19. Bxg6 Rxf4 20. Bxh7+ Kh8 21. Bxf4
cxb3 22. axb3 Nd5 23. Be5+ Bf6 24. Ng5 Qe7 25. Qg6 Be8 26. Qg8# 1-0

[Event "Tournoi Skype 023A"]
[Site "Skype"]
[Date "????.??.??"]
[Round "7.14"]
[White "Castillo, Jesus"]
[Black "Khetre, Gaurav"]
[Result "0-1"]
[WhiteElo "1460"]
[BlackElo "1742"]
[PlyCount "42"]

1. e4 e6 2. d4 d5 3. exd5 exd5 4. Be3 Bd6 5. Nc3 Nf6 6. Be2 Bf5 7. h3 Nbd7 8.
Nf3 c6 9. O-O O-O 10. Nh4 Bg6 11. Nxg6 hxg6 12. Bf3 Qc7 13. Ne2 Rae8 14. c3 Re7
15. Bg5 Ree8 16. Qc1 Ne4 17. Bf4 Bxf4 18. Nxf4 Ndf6 19. h4 g5 20. hxg5 Nxg5 21.
Nxd5 Nxf3+ 0-1

[Event "Tournoi Skype 023A"]
[Site "Skype"]
[Date "????.??.??"]
[Round "7.16"]
[White "Sepulveda, Lyda Marcela"]
[Black "Pena, Eduin"]
[Result "1-0"]
[WhiteElo "1649"]
[BlackElo "1764"]
[PlyCount "51"]

1. e4 c5 2. Nf3 Nc6 3. d4 cxd4 4. Nxd4 Nf6 5. Nc3 e5 6. Ndb5 d6 7. Be2 a6 8.
Na3 b5 9. Nd5 Nxe4 10. Bf3 f5 11. Bxe4 fxe4 12. Be3 Qa5+ 13. c3 Rb8 14. O-O Be6
15. Nc2 Ne7 16. Ncb4 h6 17. Nxe7 Bxe7 18. Nc6 Qc7 19. Nxb8 Qxb8 20. Qh5+ Bf7
21. Qg4 Bf6 22. Qxe4 O-O 23. Qg4 Kh7 24. Qd7 Bd5 25. Rfd1 Rd8 26. Qf5+ 1-0

[Event "Tournoi Skype 023A"]
[Site "Skype"]
[Date "????.??.??"]
[Round "7.17"]
[White "Vasquez, Oscar"]
[Black "Yardimci, Ertan"]
[Result "1-0"]
[WhiteElo "1716"]
[BlackElo "1554"]
[PlyCount "57"]

1. c4 b6 2. g3 Bb7 3. Nf3 Bxf3 4. exf3 c5 5. Bg2 Nc6 6. Nc3 e6 7. O-O Nf6 8.
Re1 Be7 9. f4 O-O 10. d3 Rb8 11. Bd2 d5 12. cxd5 exd5 13. a3 Rc8 14. Rc1 Nd4
15. Ne2 Nc6 16. d4 cxd4 17. Nxd4 Nxd4 18. Rxc8 Qxc8 19. Rxe7 Nc6 20. Re1 Rd8
21. Qc2 Nd4 22. Qd3 Ne6 23. Rc1 Nc5 24. Qc2 Qd7 25. Bb4 Ne6 26. Bh3 Nd4 27.
Bxd7 Nxc2 28. Rxc2 Rxd7 29. Rc8+ 1-0

[Event "Tournoi Skype 023A"]
[Site "Skype"]
[Date "????.??.??"]
[Round "7.18"]
[White "Calcino, Luis"]
[Black "Khunte, Aniruddha"]
[Result "0-1"]
[WhiteElo "1714"]
[BlackElo "1550"]
[PlyCount "66"]

1. e4 e5 2. Nf3 Nf6 3. Nxe5 Qe7 4. d4 d6 5. Nf3 Nxe4 6. Qe2 Nc6 7. Be3 d5 8.
Qb5 Qe6 9. Nbd2 a6 10. Qa4 Nxd2 11. Kxd2 Be7 12. Re1 h6 13. Ne5 Bd7 14. Nxd7
Qxd7 15. c3 O-O 16. Bd3 b5 17. Qc2 b4 18. Bf5 bxc3+ 19. bxc3 Qd8 20. Qa4 Qd6
21. g3 Bg5 22. f4 Bf6 23. Rb1 h5 24. Kc2 Rfd8 25. Bd3 Qd7 26. Rb7 Nxd4+ 27.
Qxd4 Bxd4 28. Bxd4 Qa4+ 29. Kb1 Rab8 30. Rxb8 Rxb8+ 31. Ka1 Qa3 32. Rb1 Rxb1+
33. Kxb1 c5 0-1

[Event "Tournoi Skype 023A"]
[Site "Skype"]
[Date "????.??.??"]
[Round "7.19"]
[White "Aranzubia, Desiderio"]
[Black "Aravena, Alvaro"]
[Result "0-1"]
[WhiteElo "1506"]
[BlackElo "1700"]
[PlyCount "60"]

1. d4 d5 2. c4 e6 3. Bf4 Nf6 4. Nc3 a6 5. cxd5 exd5 6. a3 Be7 7. h3 Nbd7 8. Nf3
O-O 9. e3 b5 10. Bd3 b4 11. axb4 Bxb4 12. O-O c5 13. dxc5 Nxc5 14. Be2 Re8 15.
Rc1 Ne6 16. Be5 Bxc3 17. Bxc3 Ne4 18. Bb4 N6g5 19. Nxg5 Qxg5 20. Rc7 Bxh3 21.
Bf3 Be6 22. Qd4 Qg6 23. g3 h5 24. Kg2 h4 25. Bxe4 dxe4 26. Be7 hxg3 27. fxg3
Qh6 28. Rh1 Qg6 29. Rh4 Rac8 30. Qd2 Rxc7 0-1

[Event "Tournoi Skype 023A"]
[Site "Skype"]
[Date "????.??.??"]
[Round "7.20"]
[White "Trivedi, Viral"]
[Black "Sauvaget, Joel"]
[Result "1/2-1/2"]
[WhiteElo "1670"]
[BlackElo "1548"]
[PlyCount "39"]

1. d4 d5 2. Nf3 Nf6 3. Bf4 c6 4. e3 e6 5. Nbd2 Be7 6. c3 Nbd7 7. Bd3 O-O 8. h4
Re8 9. Nf1 Nf8 10. h5 h6 11. Ne5 N6h7 12. Qg4 Bg5 13. O-O-O Nd7 14. Bxg5 Nxg5
15. f4 Nxe5 16. fxe5 Rf8 17. Ng3 a5 18. Ne2 b5 19. a3 Bd7 20. Rdf1 1/2-1/2

[Event "Tournoi Skype 023A"]
[Site "Skype"]
[Date "????.??.??"]
[Round "7.21"]
[White "Galani, Mahendra"]
[Black "Engstrom, Olle"]
[Result "1-0"]
[WhiteElo "1469"]
[BlackElo "1749"]
[PlyCount "51"]

1. b3 e5 2. d3 d5 3. e3 Nf6 4. Nd2 Bd6 5. h3 c5 6. Ngf3 Nc6 7. Be2 O-O 8. Nh2
Re8 9. Ng4 Be6 10. Nxf6+ Qxf6 11. Bh5 b5 12. e4 d4 13. Nf3 h6 14. Nh2 Qd8 15.
Qf3 c4 16. O-O cxd3 17. cxd3 Bb4 18. Qg3 Kh7 19. Qf3 g6 20. Bg4 Qd7 21. Qg3 Be7
22. f4 a6 23. f5 gxf5 24. exf5 Bd5 25. f6 Be6 26. Bxe6 1-0

[Event "Tournoi Skype 023A"]
[Site "Skype"]
[Date "????.??.??"]
[Round "7.22"]
[White "Casey, Eamonn"]
[Black "Ramirez Reina, Orlando"]
[Result "1/2-1/2"]
[WhiteElo "1725"]
[BlackElo "1432"]
[PlyCount "100"]

1. d4 Nf6 2. c4 e6 3. Nf3 d5 4. Bg5 Be7 5. Nc3 c6 6. e3 Nbd7 7. cxd5 exd5 8.
Bd3 h6 9. Bh4 O-O 10. O-O Re8 11. Rc1 Nh5 12. Bxe7 Qxe7 13. Re1 Nhf6 14. e4
dxe4 15. Nxe4 Qf8 16. Nxf6+ Nxf6 17. Ne5 Qd6 18. a4 a5 19. Bc4 Be6 20. Bxe6
Rxe6 21. f4 Qb4 22. Re2 Rd6 23. Rc4 Qb6 24. Kh1 Rad8 25. Rd2 Ne4 26. Rdc2 Rxd4
27. Rxd4 Qxd4 28. Qxd4 Rxd4 29. h3 Rd2 30. Rxd2 Nxd2 31. Nd7 Nc4 32. b3 Nd6 33.
Kg1 f6 34. Kf1 Kf7 35. Ke2 Ke7 36. Nb6 g5 37. g4 gxf4 38. Kf3 f5 39. gxf5 Nxf5
40. Kxf4 Nd4 41. Ke5 Nxb3 42. h4 h5 43. Kf5 Kf7 44. Kg5 Kg7 45. Kxh5 Nd4 46.
Nc4 b5 47. axb5 cxb5 48. Nxa5 b4 49. Kg5 b3 50. Nxb3 Nxb3 1/2-1/2

[Event "Tournoi Skype 023A"]
[Site "Skype"]
[Date "????.??.??"]
[Round "7.23"]
[White "Fernandez Cabello, Emilio"]
[Black "Bendre, Pankaj"]
[Result "1-0"]
[WhiteElo "1646"]
[BlackElo "1540"]
[PlyCount "57"]

1. e4 c6 2. d4 d5 3. e5 Bf5 4. Bd3 Bxd3 5. cxd3 e6 6. Nf3 Ne7 7. Nc3 Nf5 8. O-O
a6 9. g4 Nh4 10. Nxh4 Qxh4 11. Be3 Qd8 12. f4 h6 13. Ne2 Be7 14. Ng3 g6 15. Kh1
Bh4 16. Qf3 Qe7 17. Ne2 Nd7 18. f5 gxf5 19. gxf5 exf5 20. Qxf5 O-O-O 21. Qxf7
Rdf8 22. Qxe7 Rxf1+ 23. Rxf1 Bxe7 24. a3 h5 25. Rf7 Re8 26. Nf4 h4 27. Ng6 Kd8
28. Nxe7 Rxe7 29. Bg5 1-0

[Event "Tournoi Skype 023A"]
[Site "Skype"]
[Date "????.??.??"]
[Round "7.24"]
[White "Junqueira, Leonardo De Faria"]
[Black "Mulrooney, Justin"]
[Result "0-1"]
[WhiteElo "1487"]
[BlackElo "1637"]
[PlyCount "114"]

1. e4 e5 2. d4 exd4 3. c3 dxc3 4. Nxc3 Nc6 5. Bc4 Bb4 6. Nge2 Nf6 7. O-O O-O 8.
Bg5 d6 9. Nd5 Be6 10. Qb3 Bc5 11. Bh4 Na5 12. Nxf6+ gxf6 13. Qg3+ Kh8 14. Qf3
Kg8 15. Bxf6 Qd7 16. Bxe6 fxe6 17. Rad1 Qf7 18. Qg3+ Qg6 19. Qxg6+ hxg6 20. Bg5
Nc6 21. Nf4 e5 22. Nxg6 Rf7 23. Bc1 Rf6 24. Nh4 Raf8 25. Nf5 Nd4 26. Bg5 Re6
27. Ng3 Kg7 28. Rd3 Kg6 29. Be3 Bb6 30. Kh1 c5 31. f3 Rh8 32. h3 Kf7 33. a4 Rg6
34. Bxd4 cxd4 35. Nf5 Rhg8 36. g4 Rh8 37. h4 Rc8 38. Nxd6+ Rxd6 39. h5 Bd8 40.
f4 Rf6 41. f5 Rh6 42. Rf2 Bg5 43. Kg2 Kf6 44. b3 Be3 45. Rb2 Rc3 46. Rxc3 dxc3
47. Rc2 Bd4 48. Kf3 Kg5 49. Rc1 Rc6 50. Rc2 Rb6 51. Rc1 Rxb3 52. h6 Rb6 53. Rh1
Rxh6 54. Rxh6 Kxh6 55. Ke2 Kg5 56. Kd3 b6 57. Kc2 a6 0-1

[Event "Tournoi Skype 023A"]
[Site "Skype"]
[Date "????.??.??"]
[Round "7.25"]
[White "Marino, Giuseppe"]
[Black "L'Herbon De Lussats, Jean"]
[Result "0-1"]
[WhiteElo "1374"]
[BlackElo "1614"]
[PlyCount "94"]

1. d4 d5 2. e3 Nf6 3. Bd3 c5 4. b3 Nc6 5. Nf3 Qc7 6. Bb2 Bg4 7. a3 e6 8. Nbd2
Bd6 9. O-O Bxh2+ 10. Kh1 Bd6 11. Qe1 O-O 12. g3 Rae8 13. Kg2 cxd4 14. exd4 e5
15. dxe5 Nxe5 16. Nxe5 Bxe5 17. Bxe5 Rxe5 18. Qc1 Rh5 19. Rh1 Re8 20. Qb2 Qc6
21. Qd4 a6 22. Rxh5 Bxh5 23. Rh1 g6 24. f3 g5 25. g4 Bg6 26. a4 b5 27. Bxg6
fxg6 28. c3 Re2+ 29. Kg1 h5 30. Qd3 Qb6+ 31. Qd4 Qxd4+ 32. cxd4 Rxd2 33. gxh5
gxh5 34. Rh3 Rxd4 35. Rg3 g4 36. Kf2 bxa4 37. bxa4 Rxa4 38. Ke3 Rc4 39. fxg4
hxg4 40. Rg2 a5 41. Rb2 a4 42. Rb6 Kg7 43. Rb2 Kg6 44. Rg2 Kg5 45. Ra2 g3 46.
Kf3 Kh4 47. Rh2+ gxh2 0-1

[Event "Tournoi Skype 023A"]
[Site "Skype"]
[Date "????.??.??"]
[Round "7.27"]
[White "Le Brun, Yves"]
[Black "Kruk, Clementine"]
[Result "0-1"]
[WhiteElo "1488"]
[BlackElo "1594"]
[PlyCount "126"]

1. d4 d5 2. Nf3 Nf6 3. c4 e6 4. Qc2 c6 5. g3 Nbd7 6. Bg2 Bd6 7. O-O b6 8. Nbd2
O-O 9. b3 Re8 10. e4 dxe4 11. Nxe4 Nxe4 12. Qxe4 Bb7 13. Bb2 Nf6 14. Qc2 c5 15.
Ne5 Bxg2 16. Kxg2 cxd4 17. Bxd4 Qc7 18. f4 Rad8 19. Rad1 Bc5 20. Nf3 Qc6 21.
Bxc5 Rxd1 22. Rxd1 Qxc5 23. Qd3 h6 24. Ne5 Qc7 25. h3 Qb7+ 26. Kh2 Ne4 27. Qd7
Re7 28. Qxb7 Rxb7 29. Rd8+ Kh7 30. Nd7 g6 31. Ne5 Kg7 32. g4 f6 33. Nf3 Nc5 34.
Kg2 Rd7 35. Rxd7+ Nxd7 36. Nd4 e5 37. fxe5 Nxe5 38. Kg3 Kf7 39. Kf4 Nd3+ 40.
Ke3 Nc1 41. a3 Na2 42. Kd2 h5 43. gxh5 gxh5 44. Nf3 Kg6 45. Kc2 a5 46. Kb2 Nb4
47. axb4 axb4 48. Kc2 Kf5 49. Kd3 Kf4 50. Nd4 Kg3 51. Ke4 Kxh3 52. Kf4 h4 53.
Nf5 Kg2 54. Nxh4+ Kf2 55. Kf5 Ke3 56. Kxf6 Kd4 57. Nf3+ Kc3 58. Ke5 Kxb3 59.
Kd4 Kb2 60. Nd2 Kc2 61. Ke3 Kc3 62. Ke2 b3 63. Kd1 Kb2 0-1

[Event "Tournoi Skype 023A"]
[Site "Skype"]
[Date "????.??.??"]
[Round "7.28"]
[White "Mitrani, Alberto"]
[Black "Perrone, Gabriel Lorenzo"]
[Result "1-0"]
[WhiteElo "1567"]
[BlackElo "1523"]
[PlyCount "47"]

1. e4 e5 2. f4 Qh4+ 3. g3 Qd8 4. Nf3 exf4 5. Bc4 d6 6. d4 Be6 7. Bb5+ Bd7 8.
Bc4 Be7 9. Bxf4 Be6 10. Bxe6 fxe6 11. O-O Nd7 12. Nc3 g5 13. Nxg5 Bxg5 14. Qh5+
Kf8 15. Bxg5+ Ndf6 16. e5 Qe8 17. Qh4 h6 18. exf6 Qg6 19. f7 Qxg5 20. fxg8=Q+
Kxg8 21. Qe4 e5 22. Rf5 Qe7 23. Nd5 Qg7 24. Nf6+ 1-0

[Event "Tournoi Skype 023A"]
[Site "Skype"]
[Date "????.??.??"]
[Round "7.29"]
[White "Chavero, Victor"]
[Black "Vello, Pablo"]
[Result "1-0"]
[WhiteElo "1565"]
[BlackElo "1517"]
[PlyCount "39"]

1. d4 Nf6 2. Nf3 e6 3. e3 d5 4. Bd3 c5 5. b3 Nc6 6. a3 cxd4 7. exd4 Bd6 8. Bb2
O-O 9. O-O Qc7 10. Re1 Bd7 11. Nbd2 h6 12. Ne5 Rac8 13. Qe2 a6 14. Ndf3 Na7 15.
c4 dxc4 16. Bxc4 b5 17. Bd3 Nd5 18. Rac1 Qb7 19. Qe4 Bc6 20. Qh7# 1-0

[Event "Tournoi Skype 023A"]
[Site "Skype"]
[Date "????.??.??"]
[Round "7.30"]
[White "Mordaa, Ahmad"]
[Black "Gharbi, Said"]
[Result "0-1"]
[WhiteElo "1496"]
[BlackElo "1541"]
[PlyCount "50"]

1. e4 e5 2. Nf3 Nf6 3. d3 Nc6 4. Be3 d5 5. exd5 Nxd5 6. Bg5 Be7 7. Bd2 Bg4 8.
Be2 O-O 9. O-O Bxf3 10. Bxf3 Bf6 11. Nc3 Nce7 12. Ne4 c6 13. Nxf6+ Nxf6 14. Be3
Ned5 15. Bc5 Re8 16. Re1 Qa5 17. Bxd5 cxd5 18. Be3 d4 19. Bg5 Nd5 20. Qg4 Rac8
21. Bh6 g6 22. Rxe5 f6 23. Rxe8+ Rxe8 24. Qd7 Re1+ 25. Rxe1 Qxe1# 0-1

[Event "Tournoi Skype 023A"]
[Site "Skype"]
[Date "????.??.??"]
[Round "7.31"]
[White "Bhandari, Dattatrey"]
[Black "Fouquereau, Andre"]
[Result "1-0"]
[WhiteElo "1381"]
[BlackElo "1488"]
[PlyCount "43"]

1. e4 e5 2. Nf3 d6 3. Bc4 Be7 4. a3 Nf6 5. Ng5 O-O 6. Nxf7 Rxf7 7. Bxf7+ Kxf7
8. Nc3 c6 9. d4 Be6 10. d5 cxd5 11. exd5 Nxd5 12. Nxd5 Kg8 13. O-O Nd7 14. c4
Rc8 15. Nxe7+ Qxe7 16. b3 Nf6 17. h4 d5 18. Bg5 dxc4 19. bxc4 Qf7 20. Bxf6 Qxf6
21. g3 Qf3 22. Qxf3 1-0

[Event "Tournoi Skype 023A"]
[Site "Skype"]
[Date "????.??.??"]
[Round "7.32"]
[White "Salazar Ticeran, Antonio"]
[Black "Martin, Jean-Claude"]
[Result "1-0"]
[WhiteElo "1612"]
[BlackElo "1523"]
[PlyCount "61"]

1. e4 d5 2. exd5 Qxd5 3. Nc3 Qa5 4. Nf3 Nf6 5. Bc4 c6 6. O-O Bg4 7. h3 Bh5 8.
g4 Bg6 9. d3 e6 10. Re1 Nbd7 11. g5 Nh5 12. Bd2 Bb4 13. a3 Bxc3 14. Bxc3 Qc7
15. Ne5 Nxe5 16. Bxe5 Qd8 17. f4 f6 18. gxf6 Nxf6 19. Bxf6 Qxf6 20. Rxe6+ Qxe6
21. Bxe6 Rf8 22. Qg4 Rf6 23. f5 Bf7 24. Re1 Kf8 25. Bxf7 Rxf7 26. Qb4+ Kg8 27.
Re7 Rxe7 28. Qxe7 Rf8 29. Qxb7 Rxf5 30. Qxc6 Rg5+ 31. Kh2 1-0